000 00364nam a2200145Ia 4500
008 100122s9999 xx 000 0 und d
082 _b1582
_a821
100 _aयशवंत
245 _aयशोधन
260 _bप्रकाशक शोधणे
_c1924
300 _a55
630 _aयशोधन
730 _aयशोधन
942 _cBOOK
999 _c396314
_d396311